00972pam a2200313 a 4500001000800000005001700008008004100025010001700066020002800083020003500111020001800146040002300164041000800187050002200195060001700217080001700234082001500251100001700266245008100283250001800364260005700382300003500439504005100474650001600525650002200541653003500563653002900598700003100627388654520200629120238.0900405s2014 dcua b 001 0 eng c a 90000530  a0880481129 (alk. paper) a0880481145 (pbk. : alk. paper) a9789386217899 aDNLM/DLCcDLCdDLC aeng00aRC454b.A427 1991 aWM 100 A557i a616.89 B-6400a616.892201 aBlack, D. W.10aIntroductory textbook of psychiatry /c Donald W. Black, Nancy C. Andreasen, aSixth edition aWashington, DC :bAmerican Psychiatric Press,cc2014 aviii, 760 p. :bill. ;c25 cm. aIncludes bibliographical references and index. 0aPsychiatry. 2aMental Disorders. aფსიქიატრია aმედიცინა1 aAndreasen, Nancy C.d1956-